[Event "Hedmark & Oppland Region-ch"]
[Site "Lillehammer"]
[Date "2019.04.27"]
[Round "2"]
[White "Gillebo, Torgeir"]
[Black "Brobakken, Geir"]
[Result "0-1"]
[WhiteElo "1429"]
[BlackElo "1724"]
[PlyCount "82"]
[EventDate "2019.04.27"]
[EventType "swiss"]
[EventRounds "5"]
[EventCountry "NOR"]
[SourceTitle "EXT 2024"]
[Source "ChessBase"]
[SourceDate "2023.10.10"]
[SourceVersion "1"]
[SourceVersionDate "2023.10.10"]
[SourceQuality "1"]

1. d4 Nf6 2. c4 d6 3. Nc3 g6 4. e4 Bg7 5. Nf3 0-0 6. Be2 c6 7. 0-0 Qc7 8. Re1 Nbd7 9. Rb1 Ne8 10. b4 h6 11. Bb2 a5 12. a3 e5 13. d5 axb4 14. axb4 Ndf6 15. Qd3 Nh5 16. Rec1 f5 17. c5 fxe4 18. Nxe4 Bf5 19. Qc4 Qf7 20. dxc6 d5 21. cxb7 Rb8 22. Qc3 Bxe4 23. c6 Nf4 24. Bf1 Bxb1 25. Rxb1 Kh7 26. b5 Qe6 27. Qc2 Nd6 28. Ba3 Rf7 29. Bxd6 Qxd6 30. b6 Ne6 31. Rc1 Rbxb7 32. cxb7 Rxb7 33. Nh4 e4 34. f3 Qxb6+ 35. Kh1 Rc7 36. Qd2 Rxc1 37. Qxc1 Qf2 38. fxe4 dxe4 39. Bc4 Nd4 40. g3 Nf3 41. Nxf3 Qxf3+ 0-1